• 首页
  • 本馆介绍
  • 公告通知
  • 最新文献
  • 馆藏检索
  • 电子资源
  • 读者导购
  • 参考咨询
  • 我的图书馆
  • 登录
  • 详细信息显示
  • 放入我的书架
  • 预约/预借图书
  • 作者相关作品
  • 分类相关作品
  • 丛书相关作品
  • 出版社相关作品

书目信息

  • 表格格式
  • 工作单格式
  • 卡片格式
题名:
酒精蒸馏技术
    
 
作者: 许开天 编著
分册:  
出版信息: 北京   中国轻工业出版社  2016.01
页数: 426页
开本: 26cm
丛书名:
单 册:
中图分类: TQ223.12
科图分类:
主题词: 乙醇--蒸馏
电子资源:
ISBN: 978-7-5019-9887-6
000 01040nam0 2200229 450
001 3799
005 20181009100349.53
010    @a978-7-5019-9887-6@dCNY85.00
100    @a20160119d2016 em y0chiy50 ea
101 0  @achi
102    @aCN@b110000
105    @aa z 000yy
200 1  @a酒精蒸馏技术@9jiu jing zheng liu ji shu@b专著@f许开天编著
205    @a4版
210    @a北京@c中国轻工业出版社@d2016.01
215    @a426页@c图@d26cm
330    @a本书主要内容包括酒精蒸馏的理论基础、酒精蒸馏工艺路线的选择、酒精蒸馏的主要工艺装备、酒精蒸馏的主要工艺装备、酒精蒸馏的辅助工艺装备、酒精蒸馏的工艺操作及提高质量的途径、酒精蒸馏过程中可能发生的不正常现象及其原因和处理方法、无水酒精的制造、酒精蒸馏过程中的节能问题、 酒精生料发酵与蒸馏的关系、酒精精馏过程中的超前及反馈机制、酒精蒸馏过程全真空化、酒精蒸馏技术方面的若干关系、酒精精馏过程的自动化控制、特殊形式的酒精蒸馏。
606 0  @a乙醇@x蒸馏
690    @aTQ223.12@v5
701  0 @a许开天@9xu kai tian@f(1933-)@4编著
801  0 @aCN@b91MARC@c20160302
905    @aMuseLib@dTQ223.12@e41=4
    
    酒精蒸馏技术/许开天编著.-4版.-北京:中国轻工业出版社,2016.01
    426页:图;26cm
    
    
    ISBN 978-7-5019-9887-6:CNY85.00
    本书主要内容包括酒精蒸馏的理论基础、酒精蒸馏工艺路线的选择、酒精蒸馏的主要工艺装备、酒精蒸馏的主要工艺装备、酒精蒸馏的辅助工艺装备、酒精蒸馏的工艺操作及提高质量的途径、酒精蒸馏过程中可能发生的不正常现象及其原因和处理方法、无水酒精的制造、酒精蒸馏过程中的节能问题、 酒精生料发酵与蒸馏的关系、酒精精馏过程中的超前及反馈机制、酒精蒸馏过程全真空化、酒精蒸馏技术方面的若干关系、酒精精馏过程的自动化控制、特殊形式的酒精蒸馏。
●
相关链接 在E读中查询图书 在五车中查询图书 在当当中查询图书 在豆瓣中查询图书


正题名:酒精蒸馏技术     索取号:TQ223.12/41=4         预约/预借

序号 登录号 条形码 馆藏地/架位号 状态 备注
1 1123775   211237758   第二样本阅览室/ [索取号:TQ223.12/41=4] 在馆    
2 1123776   211237767   第三借阅区/ [索取号:TQ223.12/41=4] 在馆    
3 1123777   211237776   第三借阅区/ [索取号:TQ223.12/41=4] 在馆    
4 1123778   211237785   密集书库-生命科学系/ [索取号:TQ223.12/41=4] 在馆    
唐山师范学院图书馆 欢迎您!
大连网信软件有限公司© 版权所有